| 000 | 00628nam a2200193 i 4500 | ||
|---|---|---|---|
| 001 | 105468 | ||
| 003 | ES-MaACL | ||
| 007 | t| | ||
| 008 | 060718s1979 fr ||||1| fre d | ||
| 020 | _a2-201-01520-1 | ||
| 080 | _a94(439)"1918/19" | ||
| 245 | 0 | 3 |
_aLa République des Conseils _b: Budapest 1919 / _cpreséntation de Jacques Gaucheron. |
| 260 |
_aParis : _bLes Editeurs Français Réunis, _c[1979] |
||
| 300 |
_a230 p. ; _c22 cm. |
||
| 500 | _aBiblioteca Juan Andrade. | ||
| 651 | 4 |
_aHungría- _xHistoria- _y1918-1919, revolución. _98830 |
|
| 700 | 1 |
_aGaucheron, Jacques. _955986 |
|
| 852 |
_aES-MaACL _jAND-271 _bR.109588 |
||
| 999 |
_c105468 _d105468 |
||